000 02078cgm a22004097a 4500
005 20260322212047.0
007 data
008 data
010 _a 2005644202
017 _aPA1-281-340
_bU.S. Copyright Office
040 _aDLC
_cDLC
_dDLC
_eamim
050 0 0 _aCGD 8149-8154 (viewing print)
245 1 0 _aFantastic four /
_cTim Story ... [et al.].
257 _aUnited States ; Germany.
260 _aUnited States :
_bTwentieth Century Fox,
_c2005.
300 _a1 videodisc (ca. 106 min.) :
_bsd., col. ; 4 3/4 in. ;
_c35 mm.
_3viewing print.
500 _aCopyright: Twentieth Century Fox Film Corporation, Kumar Mobiliengesellschaft, mbH & Company Projekt Nr. 3 KG. DCR 2005; PUB 15Jun05; REG 15Jun05; PA1-281-340.
500 _aSummary taken from Internet movie database.
500 _aBased on the Marvel comic book by Stan Lee and Jack Kirby.
500 _aNot viewed.
500 _aSources used: copyright data base; copyright data sheet; Internet movie database, 12/12/2005.
508 _aExecutive producers, Michael Barnathan, Chris Columbus, Kevin Feige, Stan Lee, Mark Radcliffe ; cinematography by Oliver Wood ; film editing by William Hoy ; original music by Miri Ben-Ari, John Ottman.
511 1 _aIoan Gruffudd, Jessica Alba, Chris Evans, Michael Chiklis, Julian McMahon.
520 _aA group of astronauts gain superpowers after being exposed to cosmic radiation. Together, they use their unique powers to explore the strange aspects of the world and foil the evil plans of a powerful villain.
541 _3viewing print;
655 7 _aCrime
_vFeature.
_2migfg
655 7 _aFantasy
_vFeature.
_2migfg
700 1 _aStory, Tim,
_edirection.
700 1 _aArad, Avi,
_eproduction.
700 1 _aFrost, Mark,
_d1953-
_ewriting.
700 1 _aFrance, Michael,
_ewriting.
700 1 _aGruffudd, Ioan,
_ecast.
700 1 _aAlba, Jessica,
_d1981-
_ecast.
700 1 _aEvans, Chris,
_d1981-
_ecast.
710 2 _aCopyright Collection (Library of Congress)
_5DLC
001 data
999 _c1117
_d1117